El Lazarillo de Tormes

Shranjeno v:
Bibliografske podrobnosti
Format: Knjiga
Jezik:španščina
Izdano: Santiago Andres Bello 1991
Izdaja:2a. ed
Teme:
Oznake: Označite
Brez oznak, prvi označite!

MARC

LEADER 00000nam a2200000 a 4500
001 UCH6823
003 CL-VaPUC
008 091109e19910000CL |||||||||||||||||spa|d
020 |a 9561304286 
082 0 4 |a 863  |b LAZ  |2 21 
245 1 3 |a El Lazarillo de Tormes 
250 |a 2a. ed 
300 |a 83 p 
942 |c BK 
945 |d 20091109 00:00:00  |a lazolas 
260 |a Santiago  |b Andres Bello  |c 1991 
650 0 |a Novelas españolas  |9 265052 
583 |a last modification  |c 20091109 00:00:00  |k Rodrigo Vera 
999 |c 337643  |d 337641